Canal irrigation management / (Record no. 7284)
[ view plain ]
| 000 -LEADER | |
|---|---|
| fixed length control field | 00512cam a2200193ua 4500 |
| 020 ## - INTERNATIONAL STANDARD BOOK NUMBER | |
| ISBN | 81 85005 74 5 |
| 041 ## - LANGUAGE CODE | |
| Language code of text/sound track or separate title | eng |
| 082 ## - DEWEY DECIMAL CLASSIFICATION NUMBER | |
| Classification number | 631.587 |
| Item number | LAK/CA |
| 100 ## - MAIN ENTRY--AUTHOR NAME | |
| Personal name | Lakshmi, Shukla . |
| 245 ## - TITLE STATEMENT | |
| Title | Canal irrigation management / |
| 250 ## - EDITION STATEMENT | |
| Edition statement | 1 / |
| 260 ## - PUBLICATION, DISTRIBUTION, ETC. (IMPRINT) | |
| Place of publication | New Delhi : |
| Name of publisher | Agricole Publishing Academy , |
| Year of publication | 1991. |
| 300 ## - PHYSICAL DESCRIPTION | |
| Number of Pages | 113 ; . |
| 700 1# - ADDED ENTRY--PERSONAL NAME | |
| Personal name | Gurjar, Ramkumar . |
| 942 ## - ADDED ENTRY ELEMENTS (KOHA) | |
| Koha item type | Books |
| Withdrawn status | Lost status | Damaged status | Home library | Current library | Date acquired | Full call number | Accession Number | Koha item type |
|---|---|---|---|---|---|---|---|---|
| KAUAET | KAUAET | 07/04/2012 | 631.587 | 17796 | Books |
